00361nam a22001097a 4500041000800000082001600008100001800024245016200042260002600204300000700230650001400237 aENG a290.82bDAN aDaniel Ratnam aPioneering work of Natives in the Development of the Indian Pentecostal Church of God in Hyderabad Region of Telangana from 1980 to 2020: A Historical Study aHyderabadbARRCc2024 a89 aEcumenism